[Event "EU-ch Hybrid U14"]
[Site "Tornelo INT"]
[Date "2021.10.15"]
[Round "5"]
[White "Binnatzada, Davud"]
[Black "Asgarov, Sahib"]
[Result "0-1"]
[WhiteElo "1485"]
[BlackElo "1322"]
[PlyCount "168"]
[EventDate "2021.10.15"]
[EventType "swiss"]
[EventRounds "9"]
[EventCountry "NET"]
[SourceTitle "EXT 2023"]
[Source "ChessBase"]
[SourceDate "2022.10.05"]
[SourceVersion "1"]
[SourceVersionDate "2022.10.05"]
[SourceQuality "1"]
[WhiteTeam "Azerbaijan"]
[BlackTeam "Azerbaijan"]
[WhiteTeamCountry "AZE"]
[BlackTeamCountry "AZE"]

1. b3 d5 2. Bb2 Nf6 3. Nf3 Bf5 4. e3 e6 5. d4 Bb4+ 6. c3 Bd6 7. Nbd2 Nbd7 8. Be2 Ne4 9. Nxe4 Bxe4 10. a3 c6 11. c4 0-0 12. 0-0 Qf6 13. c5 Bxf3 14. Bxf3 Bxc5 15. b4 Bd6 16. Be2 a6 17. f4 b5 18. Qc2 Rac8 19. Bd3 Qh6 20. Rf3 f5 21. Bc3 Nb6 22. Qd2 Nc4 23. Bxc4 bxc4 24. Qd1 Ra8 25. Rf2 Qf6 26. Rb2 Qe7 27. g3 h6 28. Qa4 Qc7 29. Rab1 Rfb8 30. Kg2 Kh7 31. Kf2 Be7 32. Kg1 Rg8 33. Rg2 Qb6 34. Rbb2 Kh8 35. Kh1 Qc7 36. Rb1 Bf6 37. Rbb2 Rgb8 38. Rgd2 Qc8 39. Rd1 Qe8 40. Rf1 Bd8 41. Rfb1 Rb5 42. Qc2 Qh5 43. Kg2 Qe8 44. a4 Rb7 45. a5 Rab8 46. Qa4 Rb5 47. Qc2 Be7 48. Qd2 Qf8 49. Kg1 g5 50. Qe1 g4 51. Qd2 h5 52. Kh1 Kg7 53. Kg1 Qf6 54. Kg2 h4 55. Rh1 Rh8 56. Qe2 hxg3 57. hxg3 Rxh1 58. Kxh1 Qh6+ 59. Qh2 Qxh2+ 60. Kxh2 Kf7 61. Kg2 Ke8 62. Kf2 Kd7 63. Rb1 c5 64. dxc5 Bxc5 65. Rb2 Bd6 66. Ke2 Kc6 67. Kf2 Rb7 68. Kf1 Kb5 69. Ra2 Re7 70. Ke1 e5 71. Kd2 exf4 72. exf4 Rh7 73. Ra1 Rh2+ 74. Ke3 Rg2 75. Kd4 Rxg3 76. Kxd5 Bxf4 77. Bf6 Bd2 78. Rb1 c3 79. Ra1 c2 80. Bb2 Bc3 81. Bxc3 Rxc3 82. Rc1 Kxb4 83. Ke5 Kb3 84. Kxf5 Kb2 0-1